Normal view MARC view

Entry Personal Name

Number of records used in: 1

001 - CONTROL NUMBER

  • control field: 9729

003 - CONTROL NUMBER IDENTIFIER

  • control field: DLC

005 - DATE AND TIME OF LATEST TRANSACTION

  • control field: 20231009160841.0

008 - FIXED-LENGTH DATA ELEMENTS

  • fixed length control field: 791022n| azannaabn |b aaa

010 ## - LIBRARY OF CONGRESS CONTROL NUMBER

  • LC control number: n 79105727

035 ## - SYSTEM CONTROL NUMBER

  • System control number: (OCoLC)oca00337732

040 ## - CATALOGING SOURCE

  • Original cataloging agency: DLC
  • Language of cataloging: eng
  • Description conventions: rda
  • Transcribing agency: DLC
  • Modifying agency: DLC-R
  • Modifying agency: OCoLC
  • Modifying agency: NIC
  • Modifying agency: DLC
  • Modifying agency: OCoLC
  • Modifying agency: InU
  • Modifying agency: NNC
  • Modifying agency: DLC

046 ## - SPECIAL CODED DATES

  • Birth date: [1896-08-01,1896-08-29]
  • Death date: 1933-08-21
  • Source of date scheme: edtf

053 #0 - LC CLASSIFICATION NUMBER

  • Classification number element--single number or beginning number of span: PL833.I95

100 1# - HEADING--PERSONAL NAME

  • Personal name: Miyazawa, Kenji,
  • Dates associated with a name: 1896-1933

377 ## - ASSOCIATED LANGUAGE

  • Language code: jpn

400 1# - SEE FROM TRACING--PERSONAL NAME

  • Personal name: Miyāsāwa, Khēnčhi,
  • Dates associated with a name: 1896-1933

400 1# - SEE FROM TRACING--PERSONAL NAME

  • Personal name: Kenji, Miyazawa,
  • Dates associated with a name: 1896-1933

400 1# - SEE FROM TRACING--PERSONAL NAME

  • Personal name: 宮澤賢治,
  • Dates associated with a name: 1896-1933

400 1# - SEE FROM TRACING--PERSONAL NAME

  • Personal name: 宮沢賢治,
  • Dates associated with a name: 1896-1933

400 1# - SEE FROM TRACING--PERSONAL NAME

  • Personal name: 宮泽贤治,
  • Dates associated with a name: 1896-1933

670 ## - SOURCE DATA FOUND

  • Source citation: His Miyazawa Kenji zenshū, 1956-

670 ## - SOURCE DATA FOUND

  • Source citation: "Miyazawa Kenji" chū, 1997:
  • Information found: p. 436, etc. (b. 8/1/1896 (registerd d.); b. 8/29/96 (actual d.?); d. 8/21/33)

670 ## - SOURCE DATA FOUND

  • Source citation: Rotfai sāi thāng chāngphư̄ak, 2000:
  • Information found: t.p. (Miyāsāwa Khēnčhi)

670 ## - SOURCE DATA FOUND

  • Source citation: Miyazawa, Kenji. Miyazawa Kenji, 2007

670 ## - SOURCE DATA FOUND

  • Source citation: Web NDL Authorities, April 24, 2020
  • Information found: (heading: 宮沢, 賢治, 1896-1933 = Miyazawa, Kenji, 1896-1933; variants: 宮泽, 贤治 = 宮澤, 賢治 = Miyazawa, Kenji)

Powered by Koha